000 00470ntaaa2200181 4500
003 01
005 20251027202849.0
008 0714s1973 ag 01
040 _aAR-BaBN
_bspa
_cAR-BaBN
_eaacr
_dRIC
082 _a269.0000 L99
100 _aLyon, Roy Lenere
_929189
245 _aEl evangelismo segĂșn la gran comision
250 _a1 ed.
260 _aEl Paso :
_bCasa Bautista de Publicaciones,
_cc1958
300 _a296 p
650 _aevangelismo
_9336
942 _cBK
999 _c23999
_d23999